00996nam a22002537a 4500999001500000003000900015008004100024020001800065040007100083082001800154100002200172245002900194260003500223300002800258440004200286505016300328650001800491650002900509650003700538700004400575942001600619945000900635952009800644 c4583d4583AR-CdUCM190311b ||||| |||| 00| 0 spa d a84-281-0261-9 aMUNICIPALIDAD PROVINCIAL DEL CUSCOcBIBLIOTECA MUNICIPAL DEL CUSCO a270.6 /bST78 aStauffer, Richard aLa reforma (1517-1564) / aBarcelona :bOikos-Tau,c1974. a122 páginas ;c17 cm. aColección ¿qué sé?n105914318 aContenido: Un monje en busca de la salvación -- La reforma Luterana -- Las reformas Zwingliana y Bucerista -- La reforma Calvinista -- La reforma Anglicana. aReforma94889 aCalvina, Luretana914319 aHistoria de la Religión914320 aFerrer, Alexander (traducción)914321 2ddccLIBROS aachl 002ddc4070aSHbSHcCARTd2019-03-11g20.00o270.6 / ST78pSH0000005021r2019-03-11yLIBROS